| Tag |
First Indicator |
Second Indicator |
Subfields |
| LEADER |
00000cam a2200000Ia 4500 |
| 001 |
in00002782315 |
| 006 |
m d |
| 007 |
cr |n|---||||| |
| 008 |
120305s2012 enk ob 001 0 eng d |
| 005 |
20250816223902.2 |
| 020 |
|
|
|a 9780749464141 (electronic bk.)
|
| 020 |
|
|
|a 0749464143 (electronic bk.)
|
| 035 |
|
|
|a (OCoLC)ocn779140685
|
| 035 |
|
|
|a (OCoLC)779140685
|
| 040 |
|
|
|a EBLCP
|b eng
|c EBLCP
|d OCLCQ
|d YDXCP
|d TEFOD
|d TXA
|d UtOrBLW
|
| 043 |
|
|
|a n-us---
|
| 049 |
|
|
|a TXAM
|
| 050 |
|
4 |
|a HD9696.8.U62
|b A78 2012eb
|
| 082 |
0 |
4 |
|a 338.4/70040973
|2 23
|
| 100 |
1 |
|
|a Arthur, Charles,
|d 1961-
|
| 245 |
1 |
0 |
|a Digital wars :
|b Apple, Google, Microsoft and the battle for the Internet /
|c Charles Arthur.
|
| 264 |
|
1 |
|a London :
|b Kogan Page,
|c 2012.
|
| 300 |
|
|
|a 1 online resource.
|
| 336 |
|
|
|a text
|b txt
|2 rdacontent
|
| 337 |
|
|
|a computer
|b c
|2 rdamedia
|
| 338 |
|
|
|a online resource
|b cr
|2 rdacarrier
|
| 505 |
0 |
|
|a 1998 -- Microsoft antitrust -- Search : Google versus Microsoft -- Digital music : Apple versus Microsoft -- Smartphones -- Tablets -- 2011.
|
| 520 |
|
|
|a 'Digital Wars' assesses who will be the victor and what the implications are for business, individuals and society. Accessible and comprehensive, it looks at the very different cultures of each business, the iPhone, Android, iPods (mobile music) and the browser and apps battles.
|
| 504 |
|
|
|a Includes bibliographical references and index.
|
| 588 |
|
|
|a Description based on print version record.
|
| 500 |
|
|
|a Electronic resource.
|
| 610 |
2 |
0 |
|a Apple Computer, Inc.
|
| 610 |
2 |
0 |
|a Google (Firm)
|
| 650 |
|
0 |
|a Internet industry
|z United States.
|
| 610 |
2 |
0 |
|a Microsoft Corporation.
|
| 650 |
|
4 |
|a Business.
|
| 655 |
|
7 |
|a Electronic books.
|2 local
|
| 776 |
0 |
8 |
|i Print version:
|a Arthur, Charles
|t Digital Wars : Apple, Google, Microsoft and the Battle for the Internet
|d London : Kogan Page, c2012
|z 9780749464134
|
| 856 |
4 |
0 |
|u https://ebookcentral.proquest.com/lib/tamucs/detail.action?docID=838116
|y Connect to the full text of this electronic book
|t 0
|
| 948 |
|
|
|a cataloged
|b h
|c 2012/5/30
|d c
|e agaffey
|f 2:06:11 pm
|
| 994 |
|
|
|a C0
|b TXA
|
| 999 |
f |
f |
|s d777c160-f118-3b60-b121-cfd14013773b
|i dede0419-38bc-3800-863e-74eec6c4bbaf
|t 0
|
| 999 |
|
|
|a MARS
|
| 952 |
f |
f |
|a Texas A&M University
|b College Station
|c Electronic Resources
|d Available Online
|t 0
|e HD9696.8.U62 A78 2012eb
|h Library of Congress classification
|
| 998 |
f |
f |
|a HD9696.8.U62 A78 2012eb
|t 0
|l Available Online
|